000 00515nam a2200193 a 4500
020 _a070222555X
040 _cGU
082 0 0 _a940 UNI 1994 A099 Or.
100 1 _aPark, Edwards.
245 1 0 _aAngels twenty /
246 3 _aAngels 20
260 _aSt. Lucia, Qld. :
_bUniversity of Queensland Press,
_c1994.
300 _axiii, 196 p. ;
_bmap ;
_c20 cm.
650 0 _aWorld War, 1939-1945
650 0 _aWorld War, 1939-1945
650 0 _aWorld War, 1939-1945
650 0 _aAir pilots, Military
942 _cEK
999 _c12748
_d12748